Así habló Zarathustra

Guardat en:
Dades bibliogràfiques
Format: Llibre
Idioma:espanyol
Publicat: Madrid Planeta 2001
Col·lecció:Biblioteca La Nación
Matèries:
Etiquetes: Afegir etiqueta
Sense etiquetes, Sigues el primer a etiquetar aquest registre!

MARC

LEADER 00000nam a2200000 a 4500
001 UCL6902
003 CL-VaPUC
008 040423e20010000sp |||||||||||||||||spa|d
020 |a 8408039563 
082 0 4 |a 193  |b NIE  |2 21 
245 1 0 |a Así habló Zarathustra 
300 |a 352 p 
942 |c BK 
945 |d 20040423 00:00:00  |a cmena 
260 |a Madrid  |b Planeta  |c 2001 
650 0 |a Filosofía alemana   |9 265002 
650 0 |a Antropología filosófica  |9 265842 
650 0 |a Nihilismo  |9 265670 
650 0 |a Ateísmo  |9 265671 
583 |a last modification  |c 20171205 10:52:23  |k Rodrigo Vera 
490 0 |a Biblioteca La Nación 
999 |c 308786  |d 308784